000 00621nam a2200205 a 4500
001 80695
003 BD-RjUL
005 20221103095725.0
008 221103s1976 ru ||||| |||| 00| 0 eng d
035 _a(BD-RjUL)80695
040 _aBD-RjUL
_beng
_cBD-RjUL
041 _aeng
082 _223
_a947.085
_bUSS 1976
245 _aUSSR '76 :
_bNovosti Press Agency year book /
_cAgentstvo pechati "Novosti"
260 _aMoscow :
_bNovosti Press Agency Pub. House,
_c1976
300 _a247 pages :
_billustrations
_c22 cm.
651 _aSoviet Union
_95674
710 _aAgentstvo pechati "Novosti"
_95675
942 _2ddc
_cBK
999 _c80695
_d80695